5HLuxD.jpg

KING HENRY VIII SENIOR AND PRIMARY SCHOOL LIBRARY OPAC

The vicious Vikings / (Record no. 4014)

000 -LEADER
fixed length control field 01326cam a22003373a 4500
001 - CONTROL NUMBER
control field 12582782
003 - CONTROL NUMBER IDENTIFIER
control field OSt
005 - DATE AND TIME OF LATEST TRANSACTION
control field 20241210110052.0
008 - FIXED-LENGTH DATA ELEMENTS--GENERAL INFORMATION
fixed length control field 971210t19971994nyua j 000 0 eng d
010 ## - LIBRARY OF CONGRESS CONTROL NUMBER
LC control number 2001579535
020 ## - INTERNATIONAL STANDARD BOOK NUMBER
International Standard Book Number 9780439944069
Qualifying information (pbk.) :
035 ## - SYSTEM CONTROL NUMBER
System control number (OCoLC)ocm38063226
040 ## - CATALOGING SOURCE
Original cataloging agency DMP
Transcribing agency DMP
Modifying agency OCL
-- DLC
-- KH8
042 ## - AUTHENTICATION CODE
Authentication code lccopycat
050 00 - LIBRARY OF CONGRESS CALL NUMBER
Classification number CPB Box no. 1765 vol. 36
082 ## - DEWEY DECIMAL CLASSIFICATION NUMBER
Classification number 948.022 DEA
100 1# - MAIN ENTRY--PERSONAL NAME
Personal name Deary, Terry.
Relator term author
245 14 - TITLE STATEMENT
Title The vicious Vikings /
Statement of responsibility, etc. Terry Deary ; illustrated by Martin Brown.
260 ## - PUBLICATION, DISTRIBUTION, ETC.
Place of publication, distribution, etc. New York :
Name of publisher, distributor, etc. Scholastic,
Date of publication, distribution, etc. c1994
Date of manufacture (1997 printing)
300 ## - PHYSICAL DESCRIPTION
Extent 128 p. :
Other physical details ill. ;
Dimensions 20 cm.
440 #0 - SERIES STATEMENT/ADDED ENTRY--TITLE
Title Horrible histories
505 2# - FORMATTED CONTENTS NOTE
Formatted contents note Introduction -- Vicious Viking invaders -- Vicious Viking timeline -- Vicious Viking legends -- Vicious Viking times -- The power of Viking poems -- Vicious Vikings vanquished -- Live like a Viking -- Viking women -- Viking children.
650 #0 - SUBJECT ADDED ENTRY--TOPICAL TERM
Topical term or geographic name entry element Vikings
Form subdivision Juvenile literature.
651 #0 - SUBJECT ADDED ENTRY--GEOGRAPHIC NAME
Geographic name Great Britain
General subdivision History
Chronological subdivision Anglo Saxon period, 449-1066
Form subdivision Juvenile literature.
653 0# - INDEX TERM--UNCONTROLLED
Uncontrolled term Vikings
655 #7 - INDEX TERM--GENRE/FORM
Genre/form data or focus term Comic books, strips, etc.
Source of term lcsh
700 1# - ADDED ENTRY--PERSONAL NAME
Personal name Brown, Martin,
Dates associated with a name 1959-
710 2# - ADDED ENTRY--CORPORATE NAME
Corporate name or jurisdiction name as entry element Copyright Paperback Collection (Library of Congress)
Institution to which field applies DLC
906 ## - LOCAL DATA ELEMENT F, LDF (RLIN)
a 7
b cbc
c copycat
d 2
e ncip
f 20
g y-genrareb
942 ## - ADDED ENTRY ELEMENTS (KOHA)
Source of classification or shelving scheme
Koha item type Books - Non Ficton
Holdings
Withdrawn status Lost status Source of classification or shelving scheme Damaged status Not for loan Collection code Permanent Location Current Location Shelving location Date acquired Full call number Barcode Date last seen Price effective from Koha item type Total Checkouts Date due Date last checked out Public note
          Non-Fiction KH8 Primary School Library KH8 Primary School Library Non Fiction 2024-12-10 948.022 DEA KHPL000004716 2025-12-05 2024-12-10 Books - Non Ficton        
          Non-Fiction KH8 Primary School Library KH8 Primary School Library Non Fiction 2024-12-10 948.022 DEA KHPL000006340 2026-04-13 2024-12-10 Books - Non Ficton 2 2026-04-21 2026-04-13 KH8 PRIMARY LIBRARY

Powered By KH8 IT Dept